Pequeños poemas en prosa (Record no. 186324)

MARC details
000 -LEADER
campo de control de longitud fija 00975nam a2200265 i 4500
001 - NÚMERO DE CONTROL
campo de control 186324
003 - IDENTIFICADOR DE NÚMERO DE CONTROL
campo de control SpMaBN
005 - FECHA Y HORA DE LA ÚLTIMA TRANSACCIÓN
campo de control 20260525062936.0
008 - DATOS DE LONGITUD FIJA--INFORMACIÓN GENERAL
campo de control de longitud fija 161024s1948 ag |||| | spa d
080 ## - NÚMERO DE LA CLASIFICACIÓN DECIMAL UNIVERSAL
Número de la Clasificación Decimal Universal 821.133.1-14"18"
080 ## - NÚMERO DE LA CLASIFICACIÓN DECIMAL UNIVERSAL
Número de la Clasificación Decimal Universal 7(04)
100 1# - ENTRADA PRINCIPAL--NOMBRE DE PERSONA
Nombre de persona Baudelaire, Charles.
9 (RLIN) 26513
245 10 - MENCIÓN DEL TÍTULO
Título Pequeños poemas en prosa
Resto del título ; Críticas de arte /
Mención de responsabilidad, etc. Carlos Baudelaire ; [la traducción de la primera obra, por Enrique Díez-Canedo, y de la segunda, por Manuel Granell].
246 10 - FORMA VARIANTE DEL TITULO
Título propio/Titulo breve Críticas de arte
250 ## - MENCION DE EDICION
Mención de edición 1ª ed. popular para la Colección austral.
260 ## - PUBLICACIÓN, DISTRIBUCIÓN, ETC.
Lugar de publicación, distribución, etc. Buenos Aires :
Nombre del editor, distribuidor, etc. Espasa-Calpe Argentina,
Fecha de publicación, distribución, etc. 1948.
300 ## - DESCRIPCIÓN FÍSICA
Extensión 179 p. ;
Dimensiones 18 cm.
490 1# - MENCIÓN DE SERIE
Mención de serie Colección austral ;
Designación de volumen o secuencia 885
650 07 - PUNTO DE ACCESO ADICIONAL DE MATERIA--TÉRMINO DE MATERIA
Término de materia o nombre geográfico como elemento de entrada Arte
Fuente del encabezamiento o término embne
9 (RLIN) 10068
700 1# - ENTRADA AGREGADA--NOMBRE PERSONAL
Nombre de persona Díez-Canedo, Enrique,
Fechas asociadas al nombre 1879-1944
9 (RLIN) 44685
700 1# - ENTRADA AGREGADA--NOMBRE PERSONAL
Nombre de persona Granell, Manuel,
Fechas asociadas al nombre 1906-1993
9 (RLIN) 59620
830 0# - PUNTO DE ACCESO ADICIONAL DE SERIE-TÍTULO UNIFORME
Título uniforme Colección austral
Designación de volumen o secuencia 885
9 (RLIN) 177655
852 ## - LOCALIZACIÓN
Ubicación ES-MaACL
Número de control de estantería L-30683
Nota libre . - Donat. Miguel A. Velasco
Holdings
Estatus retirado Estado de pérdida Estado de daño No para préstamo Biblioteca de origen Biblioteca actual Ubicación en estantería Fecha de adquisición Fuente de adquisición Total de préstamos Signatura topográfica completa Código de barras Visto por última vez Precio de reemplazo Tipo de ítem Koha
        Biblioteca del Ateneo de Madrid Biblioteca del Ateneo de Madrid Depósito 2 24/10/2016     L-30683 1196456 23/02/2023 23/02/2023 Libro impreso